[Event "OP-2011-0-01761"]
[Site "LSS email"]
[Date "2011.09.06"]
[Round "?"]
[White "Ozdemir, Yasin"]
[Black "Lund, Jens Dahlen"]
[Result "0-1"]
[WhiteElo "576"]
[BlackElo "2105"]
[PlyCount "22"]
[EventDate "2011.09.03"]
[EventType "tourn (corr)"]
[EventRounds "4"]
[EventCountry "GER"]
[SourceTitle "Corr 2015"]
[Source "ChessBase"]
[SourceDate "2015.07.17"]
[SourceVersion "1"]
[SourceVersionDate "2015.07.17"]
[SourceQuality "1"]

1. d4 Nf6 2. c4 e5 3. dxe5 Ng4 4. Nf3 Bc5 5. e3 Nc6 6. Be2 0-0 7. 0-0 Ngxe5 8. Nxe5 Nxe5 9. Qd5 d6 10. Nc3 Re8 11. f4 Be6 0-1

[Event "OP-2011-0-01754"]
[Site "LSS email"]
[Date "2011.09.02"]
[Round "?"]
[White "Linart, Ludvik"]
[Black "Ozdemir, Yasin"]
[Result "1-0"]
[WhiteElo "845"]
[BlackElo "576"]
[PlyCount "27"]
[EventDate "2011.08.30"]
[EventType "tourn (corr)"]
[EventRounds "4"]
[EventCountry "GER"]
[SourceTitle "Corr 2015"]
[Source "ChessBase"]
[SourceDate "2015.07.17"]
[SourceVersion "1"]
[SourceVersionDate "2015.07.17"]
[SourceQuality "1"]

1. e4 e6 2. d4 d5 3. Nc3 Nf6 4. Bd3 Be7 5. e5 Nfd7 6. Nf3 0-0 7. 0-0 Nc6 8. a3 Nb6 9. b4 a6 10. Be3 Bd7 11. Qe2 Re8 12. Rfb1 f6 13. exf6 Bxf6 14. Qd2 1-0

[Event "ZN-2011-0-01662"]
[Site "LSS email"]
[Date "2011.08.24"]
[Round "?"]
[White "Neil, Charles"]
[Black "Ozdemir, Yasin"]
[Result "1-0"]
[WhiteElo "569"]
[BlackElo "576"]
[PlyCount "39"]
[EventDate "2011.08.19"]
[EventType "match (corr)"]
[EventRounds "2"]
[EventCountry "GER"]
[SourceTitle "Telechess CBM 149"]
[Source "ChessBase"]
[SourceDate "2012.07.17"]
[SourceVersion "1"]
[SourceVersionDate "2012.07.17"]
[SourceQuality "1"]

1. d4 e6 2. c4 Bb4+ 3. Bd2 Bxd2+ 4. Nxd2 Nf6 5. Ngf3 0-0 6. e3 d5 7. Bd3 c5 8. cxd5 Nxd5 9. Ne4 Bd7 10. Nxc5 Bc6 11. h4 Nd7 12. Ne4 Qb6 13. Rb1 Qb4+ 14. Qd2 Qxd2+ 15. Nfxd2 N7b6 16. Ng5 Nb4 17. Bxh7+ Kh8 18. Be4 Bxe4 19. Ndxe4 Nc2+ 20. Ke2 1-0

[Event "OP-2011-0-01736"]
[Site "LSS email"]
[Date "2011.08.22"]
[Round "?"]
[White "Ozdemir, Yasin"]
[Black "Couspeyre, Thierry"]
[Result "0-1"]
[WhiteElo "576"]
[BlackElo "1274"]
[PlyCount "44"]
[EventDate "2011.08.19"]
[EventType "tourn (corr)"]
[EventRounds "4"]
[EventCountry "GER"]
[SourceTitle "Telechess CBM 151"]
[Source "ChessBase"]
[SourceDate "2012.11.13"]
[SourceVersion "1"]
[SourceVersionDate "2012.11.13"]
[SourceQuality "1"]

1. e4 d5 2. exd5 Qxd5 3. Nc3 Qa5 4. b4 Qxb4 5. Rb1 Qd6 6. Nf3 c6 7. Ne4 Qc7 8. Bc4 h6 9. 0-0 Nf6 10. Re1 Nxe4 11. Rxe4 Bf5 12. Re1 e6 13. Bb2 Be7 14. Be5 Bd6 15. Bxg7 Rg8 16. Bxh6 Rh8 17. Bg5 Bxh2+ 18. Nxh2 Qxh2+ 19. Kf1 Qh1+ 20. Ke2 Bg4+ 21. f3 Qxg2+ 22. Ke3 Bxf3 0-1

[Event "OP-2011-0-01732"]
[Site "LSS email"]
[Date "2011.08.20"]
[Round "?"]
[White "Ozdemir, Yasin"]
[Black "Winter, Malcolm J"]
[Result "0-1"]
[WhiteElo "576"]
[BlackElo "1065"]
[PlyCount "56"]
[EventDate "2011.08.18"]
[EventType "tourn (corr)"]
[EventRounds "4"]
[EventCountry "GER"]
[SourceTitle "Telechess CBM 151"]
[Source "ChessBase"]
[SourceDate "2012.11.13"]
[SourceVersion "1"]
[SourceVersionDate "2012.11.13"]
[SourceQuality "1"]

1. e4 c6 2. d4 d5 3. e5 Nh6 4. Nf3 Bg4 5. Be2 e6 6. 0-0 Nf5 7. c4 Be7 8. h3 Bxf3 9. Bxf3 0-0 10. Nc3 dxc4 11. Ne2 Qb6 12. Qc2 Nxd4 13. Nxd4 Qxd4 14. Qe4 Qxe4 15. Bxe4 Nd7 16. Bf4 Rfd8 17. Rad1 Rac8 18. Rd4 b5 19. a4 Nc5 20. Rxd8+ Bxd8 21. Bc2 Nxa4 22. b3 cxb3 23. Bxb3 Nc5 24. Ba2 a5 25. Be3 Be7 26. Rc1 Nd3 27. Rc3 Nxe5 28. Kh2 b4 0-1

[Event "OP-2011-0-01732"]
[Site "LSS email"]
[Date "2011.08.20"]
[Round "?"]
[White "Simik, Frantisek"]
[Black "Ozdemir, Yasin"]
[Result "1-0"]
[WhiteElo "985"]
[BlackElo "576"]
[PlyCount "65"]
[EventDate "2011.08.18"]
[EventType "tourn (corr)"]
[EventRounds "4"]
[EventCountry "GER"]
[SourceTitle "Telechess CBM 151"]
[Source "ChessBase"]
[SourceDate "2012.11.13"]
[SourceVersion "1"]
[SourceVersionDate "2012.11.13"]
[SourceQuality "1"]

1. e4 e6 2. d4 d6 3. Nc3 Be7 4. Bd3 e5 5. dxe5 dxe5 6. Be3 Nf6 7. Nf3 0-0 8. Nxe5 Qd6 9. Nc4 Qc6 10. 0-0 Be6 11. Na5 Qd7 12. Nxb7 Nc6 13. Nc5 Qc8 14. Nxe6 Qxe6 15. f3 Rad8 16. Qe2 Nd4 17. Qf2 Bc5 18. Nb5 Qd7 19. Nxd4 Bxd4 20. Bxd4 Qxd4 21. Qxd4 Rxd4 22. Kf2 c5 23. Ke3 Rfd8 24. Rad1 c4 25. Be2 R4d7 26. Rxd7 Rxd7 27. Bxc4 Rc7 28. Bb3 Kf8 29. Rd1 Nd7 30. c3 Ne5 31. h3 g6 32. Rd5 f6 33. Rd8+ 1-0

[Event "OP-2011-0-01727"]
[Site "LSS email"]
[Date "2011.08.18"]
[Round "?"]
[White "Vontina, Maria"]
[Black "Ozdemir, Yasin"]
[Result "1-0"]
[WhiteElo "738"]
[BlackElo "580"]
[PlyCount "71"]
[EventDate "2011.08.15"]
[EventType "tourn (corr)"]
[EventRounds "4"]
[EventCountry "GER"]
[SourceTitle "Telechess CBM 151"]
[Source "ChessBase"]
[SourceDate "2012.11.13"]
[SourceVersion "1"]
[SourceVersionDate "2012.11.13"]
[SourceQuality "1"]

1. e4 Nf6 2. e5 Nd5 3. d4 d6 4. c4 Nb6 5. f4 dxe5 6. fxe5 Bf5 7. Be3 e6 8. Nf3 Bb4+ 9. Nc3 0-0 10. Be2 Nc6 11. 0-0 f6 12. a3 Be7 13. Qd2 fxe5 14. dxe5 Qxd2 15. Bxd2 Be4 16. Nxe4 Rad8 17. Bc3 Nd7 18. Rfd1 Ndb8 19. Rxd8 Rxd8 20. Rd1 Rxd1+ 21. Bxd1 Kf7 22. Kf2 Ke8 23. g3 Kd7 24. h4 h5 25. b4 Nd8 26. c5 c6 27. Nfg5 Bf8 28. Bxh5 b6 29. Bg4 Ke7 30. Nh3 Nf7 31. Nhg5 Nxg5 32. Nxg5 Nd7 33. Nxe6 Kf7 34. Nxf8 Kxf8 35. Bxd7 Ke7 36. Bxc6 1-0

[Event "ZN-2011-0-01636"]
[Site "LSS email"]
[Date "2011.08.04"]
[Round "?"]
[White "Holmquist, Marson C"]
[Black "Ozdemir, Yasin"]
[Result "1/2-1/2"]
[WhiteElo "532"]
[BlackElo "580"]
[PlyCount "50"]
[EventDate "2011.08.02"]
[EventType "match (corr)"]
[EventRounds "2"]
[EventCountry "GER"]
[SourceTitle "Telechess CBM 151"]
[Source "ChessBase"]
[SourceDate "2012.11.13"]
[SourceVersion "1"]
[SourceVersionDate "2012.11.13"]
[SourceQuality "1"]

1. e4 e5 2. Nf3 Nc6 3. Bc4 Bc5 4. 0-0 Nf6 5. Re1 0-0 6. Nc3 d6 7. a3 Bg4 8. Be2 d5 9. exd5 Nxd5 10. Ne4 Bb6 11. Nxe5 Nxe5 12. Bxg4 Qh4 13. d4 Nxg4 14. h3 Ngf6 15. Bg5 Qh5 16. Bxf6 Qxd1 17. Raxd1 Nxf6 18. Nxf6+ gxf6 19. c3 Rad8 20. b4 a5 21. Re7 axb4 22. axb4 Ra8 23. c4 Ra4 24. c5 Ba7 25. Rxc7 Rxb4 1/2-1/2

[Event "ZN-2011-0-01636"]
[Site "LSS email"]
[Date "2011.08.04"]
[Round "?"]
[White "Ozdemir, Yasin"]
[Black "Holmquist, Marson C"]
[Result "0-1"]
[WhiteElo "580"]
[BlackElo "532"]
[PlyCount "52"]
[EventDate "2011.08.02"]
[EventType "match (corr)"]
[EventRounds "2"]
[EventCountry "GER"]
[SourceTitle "Telechess CBM 151"]
[Source "ChessBase"]
[SourceDate "2012.11.13"]
[SourceVersion "1"]
[SourceVersionDate "2012.11.13"]
[SourceQuality "1"]

1. d4 d5 2. Nf3 Nc6 3. c4 e6 4. Nc3 Bb4 5. Bd2 Nf6 6. Qc2 0-0 7. a3 Bxc3 8. Bxc3 dxc4 9. e4 b5 10. e5 Nd5 11. Bd2 Bb7 12. Ng5 f5 13. Nxe6 Qe7 14. Nxf8 Nxd4 15. Qd1 Qxe5+ 16. Be2 Rxf8 17. a4 Re8 18. Be3 f4 19. Bxd4 Qe4 20. f3 Qe6 21. axb5 c3 22. Rxa7 Ba8 23. bxc3 Ne3 24. Qc1 Nxg2+ 25. Kf1 Qxe2+ 26. Kg1 Ne1 0-1

[Event "RN-2011-0-00397"]
[Site "LSS email"]
[Date "2011.08.03"]
[Round "?"]
[White "Ozdemir, Yasin"]
[Black "Trevis, Robert R"]
[Result "0-1"]
[WhiteElo "580"]
[BlackElo "813"]
[PlyCount "26"]
[EventDate "2011.07.12"]
[EventType "tourn (corr)"]
[EventRounds "6"]
[EventCountry "GER"]
[SourceTitle "Corr 2015"]
[Source "ChessBase"]
[SourceDate "2015.07.17"]
[SourceVersion "1"]
[SourceVersionDate "2015.07.17"]
[SourceQuality "1"]

1. e4 d5 2. exd5 Qxd5 3. Nc3 Qa5 4. b4 Qxb4 5. Rb1 Qc5 6. Rb5 Qc6 7. Nf3 Be6 8. Nd4 Qd7 9. Rxb7 Qxd4 10. Nb5 Qe4+ 11. Be2 Qxb7 12. Bf3 c6 13. Nc3 Nf6 0-1

[Event "RN-2011-0-00397"]
[Site "LSS email"]
[Date "2011.08.02"]
[Round "?"]
[White "Ozdemir, Yasin"]
[Black "Bieszk, Stanislaw"]
[Result "0-1"]
[WhiteElo "580"]
[BlackElo "847"]
[PlyCount "74"]
[EventDate "2011.07.12"]
[EventType "tourn (corr)"]
[EventRounds "6"]
[EventCountry "GER"]
[SourceTitle "Telechess CBM 151"]
[Source "ChessBase"]
[SourceDate "2012.11.13"]
[SourceVersion "1"]
[SourceVersionDate "2012.11.13"]
[SourceQuality "1"]

1. Nf3 Nf6 2. g3 b6 3. Bg2 Bb7 4. 0-0 d5 5. d4 Nbd7 6. c4 dxc4 7. Nc3 Nd5 8. Nxd5 Bxd5 9. Qc2 Nf6 10. Ne5 Bxg2 11. Kxg2 Qxd4 12. Nf3 Qe4 13. Qxe4 Nxe4 14. Bf4 Nd6 15. Nd4 g6 16. Rfe1 Bg7 17. Nc6 Bxb2 18. Rab1 c3 19. Bc1 Kd7 20. Ne5+ Ke6 21. Nc6 Nc4 22. Nd4+ Kd7 23. Rd1 Rhd8 24. Nc2+ Ke8 25. Rxd8+ Rxd8 26. Ne3 Nd2 27. Bxd2 Rxd2 28. Kf1 c2 29. Nxc2 Rxc2 30. Ke1 Rc1+ 31. Rxc1 Bxc1 32. Kd1 Ba3 33. Kc2 Kd7 34. Kb3 Bc5 35. f4 f5 36. a4 h5 37. h4 Bf2 0-1

[Event "OP-2011-0-01694"]
[Site "LSS email"]
[Date "2011.08.01"]
[Round "?"]
[White "Vontina, Maria"]
[Black "Ozdemir, Yasin"]
[Result "0-1"]
[WhiteElo "800"]
[BlackElo "576"]
[PlyCount "66"]
[EventDate "2011.07.29"]
[EventType "tourn (corr)"]
[EventRounds "4"]
[EventCountry "GER"]
[SourceTitle "Telechess CBM 151"]
[Source "ChessBase"]
[SourceDate "2012.11.13"]
[SourceVersion "1"]
[SourceVersionDate "2012.11.13"]
[SourceQuality "1"]

1. e4 e6 2. d4 d6 3. Nf3 Nf6 4. Bd3 Be7 5. 0-0 Nc6 6. Nc3 e5 7. d5 Nd4 8. Nxd4 exd4 9. Ne2 Bd7 10. Nxd4 c5 11. Nf3 Bg4 12. h3 Bh5 13. Re1 0-0 14. c4 Qd7 15. Bg5 h6 16. Bh4 a6 17. a4 Bd8 18. Bg3 Ba5 19. Re3 b6 20. Qc2 Bg6 21. e5 dxe5 22. Bxg6 fxg6 23. Bxe5 b5 24. axb5 axb5 25. b3 Bc7 26. Bb2 Bf4 27. Ree1 Rae8 28. Rxe8 Rxe8 29. Re1 Rxe1+ 30. Nxe1 Qe7 31. Kf1 Ne4 32. Qe2 Nd2+ 33. Kg1 Qxe2 0-1

[Event "OP-2011-0-01474"]
[Site "LSS email"]
[Date "2011.04.03"]
[Round "?"]
[White "Ozdemir, Yasin"]
[Black "Bester, Kazimierz"]
[Result "0-1"]
[WhiteElo "593"]
[BlackElo "684"]
[PlyCount "52"]
[EventDate "2011.03.30"]
[EventType "tourn (corr)"]
[EventRounds "4"]
[EventCountry "GER"]
[SourceTitle "Telechess CBM 145"]
[Source "Chessbase"]
[SourceDate "2011.11.11"]
[SourceVersion "1"]
[SourceVersionDate "2011.11.11"]
[SourceQuality "1"]

1. d4 d5 2. c4 c6 3. Nc3 e6 4. e4 Bb4 5. e5 Bxc3+ 6. bxc3 Ne7 7. Nf3 0-0 8. Bd3 dxc4 9. Bxc4 Nd5 10. 0-0 Nd7 11. Ba3 Re8 12. Qd2 Qa5 13. Bb4 Nxb4 14. cxb4 Qb6 15. a4 a5 16. b5 Nf8 17. Rfb1 c5 18. dxc5 Qxc5 19. Qd4 Qe7 20. b6 Rd8 21. Qc3 Bd7 22. Bb5 Rdc8 23. Qe1 Rc5 24. Bxd7 Nxd7 25. Rb5 Rac8 26. Qxa5 Rc1+ 0-1

[Event "OP-2011-0-01472"]
[Site "LSS email"]
[Date "2011.04.01"]
[Round "?"]
[White "Basson, Heinrich"]
[Black "Ozdemir, Yasin"]
[Result "1-0"]
[WhiteElo "1278"]
[BlackElo "1400"]
[PlyCount "23"]
[EventDate "2011.03.28"]
[EventType "tourn (corr)"]
[EventRounds "4"]
[EventCountry "GER"]
[SourceTitle "Corr 2015"]
[Source "ChessBase"]
[SourceDate "2015.07.17"]
[SourceVersion "1"]
[SourceVersionDate "2015.07.17"]
[SourceQuality "1"]

1. d4 Nf6 2. c4 g6 3. Nc3 Bg7 4. e4 d6 5. f3 0-0 6. Be3 e5 7. d5 c6 8. Bd3 Bd7 9. Nge2 b5 10. 0-0 b4 11. dxc6 Nxc6 12. Nd5 1-0

[Event "OP-2011-0-01472"]
[Site "LSS email"]
[Date "2011.04.01"]
[Round "?"]
[White "Ozdemir, Yasin"]
[Black "Venturas, Bob"]
[Result "0-1"]
[WhiteElo "1400"]
[BlackElo "648"]
[PlyCount "22"]
[EventDate "2011.03.28"]
[EventType "tourn (corr)"]
[EventRounds "4"]
[EventCountry "GER"]
[SourceTitle "Corr 2015"]
[Source "ChessBase"]
[SourceDate "2015.07.17"]
[SourceVersion "1"]
[SourceVersionDate "2015.07.17"]
[SourceQuality "1"]

1. d4 d5 2. c4 h6 3. cxd5 Qxd5 4. Nc3 Qd8 5. e4 e6 6. Nf3 Nc6 7. Bb5 Bd7 8. 0-0 a6 9. Bxc6 Bxc6 10. d5 exd5 11. exd5 Bd7 0-1